000 00564nam a22001937a 4500
003 KOHA_MİRAKIL
005 20251224122933.0
008 251224b tu ||||| |||| 00| 0 tur d
020 _a9789751962478
040 _aTR-AnABB
_btur
_cTR-AnABB
041 _atur
082 _a297.81
_bYAR 2023
100 1 _aYaran, Cafer Sadık,
245 1 0 _aİslam ahlakı temel konular güncel yorumlar /
_cCafer Sadık Yaran
260 _aAnkara :
_bDiyanet İşleri Başkanlığı,
_c2023
300 _a266 sayfa ;
_c21 cm
650 0 4 _aİslam
942 _2ddc
_cBK
999 _c9908
_d9908
900 _bGizem YORULMAZ